[Event "Challenge"]
[Site "http://www.queenalice.com/game.php?id=62004"]
[Date "2006.4.8"]
[Round "-"]
[White "raul06"]
[Black "rob38"]
[Result "1-0"]
[WhiteElo "1458"]
[BlackElo "1683"]

1. e4 c5 2. c3 d5 3. exd5 Qxd5 4. Qf3 Qxf3 5. Nxf3 Nc6 6. Bb5 Bd7 7. d3 e6 8.
Bf4 Nf6 9. Nbd2 Be7 10. Nc4 O-O-O 11. Bxc6 Bxc6 12. Nfe5 Be8 13. Ke2 Nd5 14. Be3
f6 15. Nf3 Bg6 16. Rhd1 Rhe8 17. Nfd2 Nxe3 18. fxe3 Bxd3+ 19. Kf3 e5 20. b3 b5
21. Nb2 Bg6 22. Ne4 1-0

[Event "Challenge"]
[Site "http://www.queenalice.com/game.php?id=62362"]
[Date "2006.4.10"]
[Round "-"]
[White "Sassi"]
[Black "raul06"]
[Result "1-0"]
[WhiteElo "1687"]
[BlackElo "1497"]

1. e4 e5 2. Nf3 Nf6 3. Bc4 d6 4. Nc3 Bg4 5. h3 Bxf3 6. Qxf3 Nc6 7. O-O Nd4 8.
Qd1 Nxe4 9. Nxe4 d5 10. c3 dxc4 11. cxd4 Qxd4 12. Nc3 O-O-O 13. Nb5 Qb6 14. Qg4+
Kb8 15. Na3 Rd4 16. Qg3 f6 17. b3 cxb3 18. axb3 g5 19. Nc2 Rd5 20. Ne3 Rd3 21.
Qg4 1-0

[Event "Invitation"]
[Site "http://www.queenalice.com/game.php?id=67137"]
[Date "2006.5.6"]
[Round "-"]
[White "eduarmi"]
[Black "raul06"]
[Result "1-0"]
[WhiteElo "1732"]
[BlackElo "1578"]

1. e4 e5 2. Nf3 Nc6 3. Bc4 d6 4. d3 Bg4 5. Bxf7+ Kxf7 6. Ng5+ Qxg5 7. Bxg5 Bxd1
8. Kxd1 Be7 9. Bd2 Nf6 10. Nc3 Ng4 11. Ke1 Nd4 12. Rc1 Rhf8 13. h3 Nf6 14. Rf1
b5 15. f3 b4 16. Nd5 Nxd5 17. exd5 a5 18. c3 Nb5 19. c4 Nd4 20. Kf2 c6 21. Kg1
cxd5 22. Kh1 dxc4 23. dxc4 Ne2 24. Rcd1 Ng3+ 25. Kh2 Nxf1+ 26. Rxf1 d5 27. Re1
Bd6 28. g3 dxc4 29. Re4 1-0

[Event "Challenge"]
[Site "http://www.queenalice.com/game.php?id=68103"]
[Date "2006.5.10"]
[Round "-"]
[White "raul06"]
[Black "kame_84"]
[Result "0-1"]
[WhiteElo "1547"]
[BlackElo "1630"]

1. e4 e6 2. d4 d5 3. e5 c5 4. Be3 cxd4 5. Bxd4 Nc6 6. Bb5 a6 7. Bxc6+ bxc6 8. c3
c5 9. Be3 Rb8 10. b3 Qc7 11. Nf3 Bb7 12. O-O c4 13. b4 Ne7 14. Nd4 Qxe5 15. g3
Nf5 16. Bf4 Qe4 17. Bxb8 e5 18. Bxe5 Ne3 19. Qf3 Qxf3 20. Nxf3 Nc2 21. Nbd2 Nxa1
22. Rxa1 Be7 23. Bxg7 Rg8 24. Bd4 Bg5 25. Nxg5 Rxg5 26. Re1+ Kd7 27. f4 Rg6 28.
Bc5 Re6 29. Rxe6 fxe6 30. Kf2 Kc6 31. Ke3 Kb5 32. Kd4 Bc6 33. h4 Be8 34. Nf3 h5
35. Ng5 Bd7 36. Ke5 a5 37. a3 Ka4 0-1

[Event "AUTO-OPEN-271"]
[Site "http://www.queenalice.com/game.php?id=69683"]
[Date "2006.5.17"]
[Round "1"]
[White "raul06"]
[Black "Siline"]
[Result "0-1"]
[WhiteElo "1478"]
[BlackElo "1612"]

1. e4 e5 2. Nf3 Nc6 3. Bb5 a6 4. Bxc6 dxc6 5. d3 Bc5 6. Be3 b6 7. d4 exd4 8.
Bxd4 Bxd4 9. Qxd4 Qxd4 10. Nxd4 Nf6 11. O-O O-O 12. Nxc6 Nxe4 13. Re1 Nf6 0-1

[Event "AUTO-OPEN-271"]
[Site "http://www.queenalice.com/game.php?id=69684"]
[Date "2006.5.17"]
[Round "1"]
[White "Siline"]
[Black "raul06"]
[Result "1-0"]
[WhiteElo "1586"]
[BlackElo "1494"]

1. e4 e5 2. Nf3 Nc6 3. Bc4 Nf6 4. Ng5 d5 5. exd5 Nxd5 6. Nxf7 Kxf7 7. Qf3+ Qf6
8. Bxd5+ Ke7 9. Qxf6+ gxf6 10. Bxc6 bxc6 11. Nc3 1-0